00651 a2200217 4500630009900000037001100099650002800110100002100138700002100159700002400180260002200204245007300226300001100299650003700310650002700347260000900374300001000383100000700393037001200400700002100412 a65 - Gestion et organisation de lindustrie, du commerce, de la communication et des transports b1, CCA a6 - SCIENCES APPLIQUEES aPiper, Thomas R. aGentile, Mary C. aParks, Sharon Daloz bNouveaux horizons aEnseigner l'éthique : le Havard Business School relève le défi a154 p. aGestion : Ethique : Enseignement aEthique : Enseignement c1993 b24 cm lFr aDE 8918 aVincent, Bernard